All Country Flags of the World - Alphabetical - Statistics

General Stats
  • This quiz has been taken 97 times
  • The average score is 135 of 197
Answer Stats
Picture Answer % Correct
Argentina
93%
Albania
90%
Algeria
90%
Australia
90%
Brazil
90%
Afghanistan
88%
Azerbaijan
88%
Bangladesh
88%
Belgium
88%
Andorra
85%
Armenia
85%
Bahrain
85%
Canada
85%
China
85%
Antigua and Barbuda
83%
Barbados
83%
Belarus
83%
Bhutan
83%
Chile
83%
Colombia
83%
Angola
80%
Bahamas
80%
Bosnia and Herzegovina
80%
Botswana
80%
Brunei
80%
Bulgaria
80%
Cambodia
80%
Côte d'Ivoire
80%
Croatia
80%
Cyprus
80%
Egypt
80%
Finland
80%
France
80%
Georgia
80%
Germany
80%
Greece
80%
Cameroon
78%
Czech Republic
78%
Denmark
78%
Ghana
78%
Iceland
78%
India
78%
Iran
78%
Iraq
78%
Ireland
78%
Israel
78%
Italy
78%
Jamaica
78%
Japan
78%
Kenya
78%
Austria
75%
Benin
75%
Bolivia
75%
Burundi
75%
Chad
75%
Dominican Republic
75%
Ecuador
75%
Estonia
75%
Indonesia
75%
Nepal
75%
Netherlands
75%
Norway
75%
Dominica
73%
Hungary
73%
Jordan
73%
Kosovo
73%
Lebanon
73%
Mexico
73%
New Zealand
73%
Niger
73%
Nigeria
73%
North Macedonia
73%
Pakistan
73%
Portugal
73%
Belize
70%
Burkina Faso
70%
Central African Republic
70%
Costa Rica
70%
Cuba
70%
Ethiopia
70%
Fiji
70%
Kazakhstan
70%
Liberia
70%
Liechtenstein
70%
Malaysia
70%
Moldova
70%
Morocco
70%
North Korea
70%
Russia
70%
Saudi Arabia
70%
Slovakia
70%
Slovenia
70%
South Korea
70%
Spain
70%
Sweden
70%
Switzerland
70%
Cabo Verde
68%
Comoros
68%
Democratic Republic of the Congo
68%
El Salvador
68%
Guatemala
68%
Guinea
68%
Honduras
68%
Latvia
68%
Libya
68%
Lithuania
68%
Malta
68%
Monaco
68%
Papua New Guinea
68%
Philippines
68%
Poland
68%
San Marino
68%
South Africa
68%
Thailand
68%
Ukraine
68%
United Kingdom
68%
United States of America
68%
Uruguay
68%
Vietnam
68%
Congo
65%
Djibouti
65%
Eritrea
65%
Grenada
65%
Guinea-Bissau
65%
Haiti
65%
Luxembourg
65%
Nicaragua
65%
Palau
65%
Palestine
65%
Panama
65%
Serbia
65%
Somalia
65%
Turkey
65%
Vatican
65%
Equatorial Guinea
63%
Gambia
63%
Guyana
63%
Kiribati
63%
Kuwait
63%
Maldives
63%
Paraguay
63%
Singapore
63%
Sri Lanka
63%
Venezuela
63%
Zimbabwe
63%
Eswatini
60%
Gabon
60%
Kyrgyzstan
60%
Laos
60%
Lesotho
60%
Micronesia
60%
Mozambique
60%
Peru
60%
Qatar
60%
Romania
60%
Saint Lucia
60%
Seychelles
60%
Trinidad and Tobago
60%
Uganda
60%
Zambia
60%
Madagascar
58%
Malawi
58%
Marshall Islands
58%
Mauritius
58%
Montenegro
58%
Nauru
58%
Saint Vincent and the Grenadines
58%
Senegal
58%
Taiwan
58%
Tonga
58%
Tunisia
58%
Turkmenistan
58%
United Arab Emirates
58%
Yemen
58%
Mali
55%
Mauritania
55%
Mongolia
55%
Oman
55%
Rwanda
55%
Saint Kitts and Nevis
55%
South Sudan
55%
Tuvalu
55%
Samoa
53%
Sudan
53%
Syria
53%
Togo
53%
Uzbekistan
53%
Vanuatu
53%
Myanmar
50%
Solomon Islands
50%
Tajikistan
50%
Tanzania
50%
Timor-Leste
50%
Namibia
48%
Suriname
48%
Sao Tome and Principe
45%
Sierra Leone
45%
No matching quizzes found
Score Distribution
Percent of People with Each Score
Percentile by Number Answered
Your Score History
You have not taken this quiz